000 01008cam a22002654a 4500
001 12120174
005 20180123044804.0
008 000727s2000 wiu b 000 0 eng
010 _a 00061069
020 _a189185934X
040 _aDLC
_cDLC
_dDLC
041 _aeng
042 _apcc
080 _a371.3344678 don
082 0 0 _a371.3344678 don
_221
100 1 _a46
101 _aedu
245 1 0 _a147 practical tips for teaching online groups :
_cby Donald E. Hanna, Michelle Glowacki-Dudka, Simone Conceição-Runlee.
246 3 _aOne hundred forty-seven practical tips for teaching online groups
246 3 0 _aEssentials of Web-based education
504 _aIncludes bibliographical references (p. 71-74).
906 _a7
_bcbc
_corignew
_d1
_eocip
_f20
_gy-gencatlg
942 _2ddc
_cBK
999 _c40758
_d40758